| 000 | 00966nam a2200241 a 4500 | ||
|---|---|---|---|
| 003 | BD-DhJNU | ||
| 005 | 20260511091125.0 | ||
| 008 | 260508s2017 bg |||g |||| 000 1|ben|d | ||
| 020 | _a9789841107246 | ||
| 040 |
_aBD-DhJNU _bben _cBD-DhJNU _dBD-DhJNU |
||
| 041 | _aben | ||
| 082 |
_a306.095492 AHB _223 |
||
| 100 | _aআহমদ, আবুল মনসুর | ||
| 245 | 1 | 0 |
_aবাংলাদেশের কালচার / _cআবুল মনসুর আহমদ |
| 246 | _aBangladesher culture | ||
| 250 | _a9th ed. | ||
| 260 |
_aঢাকা : _bআহমদ পাবলিশিং হাউজ, _c2017. |
||
| 300 |
_a১৬৬ পৃ. : _bচিত্র ; _c২২ সেমি.। |
||
| 504 | _aগ্রন্থপঞ্জিগত নির্দেশিকা ও নিঘন্ট অন্তভূক্ত | ||
| 650 | _aবাংলাদেশ -- সভ্যতা | ||
| 650 | _aBangladesh -- Civilization | ||
| 942 | _cBK | ||
| 999 |
_c2782 _d2782 |
||